Estadísticas para Países más cercanos a Sicilia

Haz click aquí para intentar la prueba.

Estadísticas generales

  • Esta prueba ha sido intentada 31 veces
  • La puntuación promedio es 17 de 20

Estadísticas de respuestas

kmpaís% Correcto
738España
96%
463Francia
96%
366Grecia
93%
504Croacia
89%
81Malta
89%
214Argelia
86%
415Ciudad del Vaticano
86%
445Libia
86%
506Montenegro
86%
634San Marino
86%
71Túnez
86%
394Albania
82%
530Bosnia y Herzegovina
82%
792Eslovenia
82%
760Mónaco
82%
581Kosovo
79%
527Macedonia del Norte
79%
642Serbia
79%
710Bulgaria
68%
852Hungría
68%

Distribución de puntuación

Porcentaje por número respondido

Porcentaje de gente con cada puntuación

Historial de tus puntuaciones

No has intentado esta prueba.